• 首页
  • 本馆介绍
  • 公告通知
  • 最新文献
  • 馆藏检索
  • 电子资源
  • 读者导购
  • 参考咨询
  • 我的图书馆
  • 登录
  • 详细信息显示
  • 放入我的书架
  • 预约/预借图书
  • 作者相关作品
  • 分类相关作品
  • 丛书相关作品
  • 出版社相关作品

书目信息

  • 表格格式
  • 工作单格式
  • 卡片格式
题名:
康熙政要
    
 
作者: 章侵 , 褚家伟 纂
分册:  
出版信息: 北京   中共中央党校出版社  1994.12
页数: 459
开本: 21cm
丛书名:
单 册:
中图分类: K249.2
科图分类:
主题词:
电子资源:
ISBN: 7-5035-1096-X
000 00543nam0 2200193 45
001 0181022474
005 20061026153121.54
010    @a7-5035-1096-X@dCNY15.00
100    @a20810111d km y0chiy0120 ea
101 0  @achi
105    @a z 000yy
200 1  @Akang xi zheng yao@F( qing ) zhang qin zuan ; chu@a康熙政要@f(清)章侵纂;褚家伟等校注
210    @a北京@c中共中央党校出版社@d1994.12
215    @a459@d21cm
690    @aK249.2
701 0  @a章侵@4纂
701 0  @a褚家伟@4校注
801    @aCN@bTSTC@c20061026
905    @dK249.2@e68@f2@b2
    
    康熙政要/(清)章侵纂;褚家伟等校注.-北京:中共中央党校出版社,1994.12
    459;21cm
    
    
    ISBN 7-5035-1096-X:CNY15.00
    
●
相关链接 在E读中查询图书 在五车中查询图书 在当当中查询图书 在豆瓣中查询图书


正题名:康熙政要     索取号:K249.2/68         预约/预借

序号 登录号 条形码 馆藏地/架位号 状态 备注
1 0270335   000493120   样本库/ [索取号:K249.2/68] 在馆    
2 0270336   000493059   密集书库/ [索取号:K249.2/68] 在馆    
唐山师范学院图书馆 欢迎您!
大连网信软件有限公司© 版权所有